| Tag |
First Indicator |
Second Indicator |
Subfields |
| LEADER |
00000cgm a2200000Ia 4500 |
| 001 |
in00002846597 |
| 005 |
20190331170745.0 |
| 006 |
m z |
| 007 |
cr cn| |
| 007 |
vf cbaho| |
| 008 |
030912p19992003nju030 o vleng d |
| 019 |
|
|
|a 671236973
|a 754805366
|
| 028 |
4 |
2 |
|a FFH 9166
|b Films for the Humanities & Sciences.
|
| 035 |
|
|
|a (OCoLC)ocm53018073
|
| 035 |
|
|
|a (OCoLC)53018073
|z (OCoLC)671236973
|z (OCoLC)754805366
|
| 040 |
|
|
|a BGU
|b eng
|c BGU
|d OCLCQ
|d OCLCG
|d ALSTP
|d CSU
|d OCLCQ
|d VLB
|d UBY
|d UtOrBLW
|
| 043 |
|
|
|a n-us---
|
| 049 |
|
|
|a TXAM
|
| 050 |
|
4 |
|a PN2266 (INTERNET)
|
| 245 |
0 |
0 |
|a Village radicals, new Americans, boom, and crash /
|c Angelus Novus Productions, Inc. ; produced by Elena Pinto Simon.
|
| 246 |
3 |
0 |
|a Search for an American voice in theater,
|p Village radicals, new Americans, boom, and crash
|
| 264 |
|
1 |
|a Princeton, N.J. :
|b Films for the Humanities & Sciences,
|c [1999]
|
| 264 |
|
4 |
|c ©1999
|
| 300 |
|
|
|a 1 online resource.
|
| 336 |
|
|
|a two-dimensional moving image
|b tdi
|2 rdacontent
|
| 337 |
|
|
|a computer
|b c
|2 rdamedia
|
| 338 |
|
|
|a online resource
|b cr
|2 rdacarrier
|
| 490 |
1 |
|
|a Search for an American voice in theater
|
| 500 |
|
|
|a Streaming video (30 min.).
|
| 511 |
0 |
|
|a Voices: Steven Sparargen, Angela Baker, Howard Emmanuel.
|
| 511 |
0 |
|
|a Commentary: Ellen Adler, Michael Dinwiddie, Brooks McNamara, Mary Henderson.
|
| 508 |
|
|
|a Writer/narrator, Elena Pinto Simon ; camera, Julian Bodard ; music, John Davis, Franz Hackl.
|
| 520 |
|
|
|a This program examines the cultural changes of the early 20th century using theater as a mirror, to reveal the ongoing development of American culture and society's artistic aspirations. Through archival footage and expert interviews this film examines topics such as the impact of immigrants in drama; the blossoming of ethnic theater; the role of the American Laboratory Theatre; the influence of the Greenwich Village Theatre and the Provincetown Players; and the works of Eugene O'Neill.
|
| 588 |
|
|
|a Description based on print version record.
|
| 500 |
|
|
|a Electronic resource.
|
| 600 |
1 |
0 |
|a O'Neill, Eugene,
|d 1888-1953.
|
| 610 |
2 |
0 |
|a American Laboratory Theatre (New York, N.Y.)
|
| 610 |
2 |
0 |
|a Greenwich Village Theatre (New York, N.Y.)
|
| 610 |
2 |
0 |
|a Provincetown Players.
|
| 650 |
|
0 |
|a Theater and society
|z United States.
|
| 650 |
|
0 |
|a Theater
|z United States
|x History
|y 20th century.
|
| 650 |
|
0 |
|a American drama
|x History and criticism.
|
| 655 |
|
7 |
|a Nonfiction films.
|2 lcgft
|
| 655 |
|
7 |
|a Documentary films.
|2 lcgft
|
| 655 |
|
7 |
|a Internet videos.
|2 lcgft
|
| 655 |
|
7 |
|a Video recordings.
|2 lcgft
|
| 700 |
1 |
|
|a Simon, Elena Pinto.
|
| 700 |
1 |
|
|a Sparargen, Steven.
|
| 700 |
1 |
|
|a Baker, Angela.
|
| 700 |
1 |
|
|a Emmanuel, Howard.
|
| 700 |
1 |
|
|a Adler, Ellen.
|
| 700 |
1 |
|
|a Dinwiddie, Michael.
|
| 700 |
1 |
|
|a McNamara, Brooks.
|
| 700 |
1 |
|
|a Henderson, Mary.
|
| 710 |
2 |
|
|a Angelus Novus Productions.
|
| 710 |
2 |
|
|a Films for the Humanities & Sciences (Firm)
|
| 773 |
0 |
|
|7 unbd
|t Digital video collection
|g FFH 9166
|w (OCoLC)52376650
|
| 776 |
0 |
|
|t Village radicals, new Americans, boom, and crash.
|w (OCoLC)44106752
|
| 830 |
|
0 |
|a Search for an American voice in theater.
|
| 856 |
4 |
0 |
|u http://proxy.library.tamu.edu/login?url=http://www.aspresolver.com/aspresolver.asp?ATIV;657718
|z Connect to this online video
|t 0
|
| 994 |
|
|
|a 92
|b TXA
|
| 999 |
|
|
|a MARS
|
| 999 |
f |
f |
|s fb4d8e73-bada-36f5-9447-265f86114d1e
|i 2e802791-d82f-3bca-96af-26f304344d9b
|t 0
|
| 952 |
f |
f |
|a Texas A&M University
|b College Station
|c Electronic Resources
|d Available Online
|t 0
|e PN2266 (INTERNET)
|h Library of Congress classification
|
| 998 |
f |
f |
|a PN2266 (INTERNET)
|t 0
|l Available Online
|